000
00238nam a22001097a 4500
082
_a
421 BRA'E
100
_a
BRASNETT, CLIVE
_9
78063
245
_a
ENGLISH FOR ENGINEERS
260
_a
LONDON
_b
METHUEN
_c
1968
300
_a
144P
942
_c
BK
999
_c
583218
_d
583218